000 00297nam a2200121 4500
001 14028
007 tu
008 |||||||||||| ger
100 1 _aKrause, Otto
245 0 4 _aDie Frankfurter Schicksalstage
_bVorfrühling 1945
_cVerf. Otto Krause
365 _c€
546 _adeutsch
999 _c74567
_d74567